000 00667nam a22001337a 4500
040 _cRUA
082 _aAGR SEA 2009 B041 Or.1
100 _aSEAN, KIMCHHEANG.
245 _athe study on potential coconut tree at leaybour commune, tramkorkh village, takeo province ( ការសិក្សាស្រាវជ្រាវពីសក្តានូពលដំណាំដូងនៅឃុំលាយបូរ ស្រុកត្តាំកក់ ខេត្តតាកែវ)
260 _aPhnom Penh
_bRUA
_c2009
300 _ax, 62p.
_bill.
_c29cm.
856 _uhttps://drive.google.com/file/d/1Wmn-yYGwWsXhcK3zrG692xdfuFTCqJY5/view?usp=sharing
942 _cAGR
999 _c912
_d912